01371nam a2200265 i 4500003000900000005001700009007000300026008004100029040003000070082001800100100004700118245005700165264004600222300004100268336002700309337003300336338002800369505025700397590002700654910001400681942001400695952013500709952024400844999001701088DO-SdBNP20241217095943.0ta201016b1991 dr a1 c 00| 0 0nspa d aDO-SdBNPbspacBNPHUerda axxxbR7892221 aRosario, Esteband1953-eautor4aut.9933010aIglesia católica y oligarquía /cEsteban Rosario 1aSanto Domingo : bEditora Búho, c1991. a236 páginasbilustracionesc21 cm. atextobtxt2rdacontent asin mediaciónbn2rdamedia avolumenbnc2rdacarrier0 aResumen histórico -- tTrujillo y la iglesia --tEl poder de las tinieblas --tIglesia y oligarquía --tRiqueza de la iglesia --tIglesia y cambio social -- tIglesia y militares -- tHabla el arzobispo tProhíbe ocupación --tConclusión. aInventariado, 2024/ YL aYLockward 2ddccLBS1 00102ddc51708PDaBNPHUbBNPHUd2013-10-01eFamilia Reyes Duluc.l0oBNPHU PD xxx R789p2024-7035r2020-10-16w2020-10-16yLBS1 00102ddc51708PDaBNPHUbBNPHUd2023-12-01eDonado por la Presidencia de la República Dominicana 2023l0oBNPHU PD xxx R789p2024-7036r2024-12-17te. 2w2024-12-17yLBS1zPerteneció a la biblioteca personal de Emilio Cordero Michel c48903d48903